000 01385nam a2200373 i 4500
001 ELB177050
003 FINmELB
005 20250326042622.0
006 m o d |
007 cr cnu||||||||
008 211230s2019 ag ob 001 0 spa d
020 _a9789508086860
_q(e-book)
035 _a(OCoLC)1311930821
040 _aFINmELB
_bspa
_erda
_cFINmELB
050 4 _aLB1537
_bP2578 2019
080 _a37.015.31
082 0 4 _a372.5
_223
100 1 _aParonzini, Palmira,
_eautor.
245 1 4 _aLos niños y las artes visuales en el jardín y la escuela primaria /
_cPalmira Paronzini.
264 1 _aRosario :
_bHomo Sapiens Ediciones,
_c2019.
300 _a1 recurso en línea (124 páginas)
336 _atexto
_btxt
_2rdacontent/spa
337 _acomputadora
_bc
_2rdamedia/spa
338 _arecurso en línea
_bcr
_2rdacarrier/spa
500 _aIncluye índice.
504 _aIncluye bibliografía.
588 _aDescripción basada en metadatos suministrados por el editor y otras fuentes.
590 _aRecurso electrónico. Santa Fe, Arg.: elibro, 2021. Disponible vía World Wide Web. El acceso puede estar limitado para las bibliotecas afiliadas a elibro.
650 0 _aArt-Study and teaching.
650 4 _aArte
_xEnseñanza.
655 4 _aLibros electrónicos.
797 2 _aelibro, Corp.
856 4 0 _uhttps://elibro.net/ereader/usam/177050
999 _c131898
_d131898